Sketch dragons : (Record no. 275816)
[ view plain ]
| 000 -LEADER | |
|---|---|
| fixed length control field | 00973nam a2200253 u 4500 |
| 001 - CONTROL NUMBER | |
| control field | dti9781440314742 |
| 003 - CONTROL NUMBER IDENTIFIER | |
| control field | DLC-MRC |
| 005 - DATE AND TIME OF LATEST TRANSACTION | |
| control field | 20200320185320.0 |
| 008 - FIXED-LENGTH DATA ELEMENTS--GENERAL INFORMATION | |
| fixed length control field | 110803s2011 ohua u000 0 eng |
| 020 ## - INTERNATIONAL STANDARD BOOK NUMBER | |
| International Standard Book Number | 9781440314742 : |
| Terms of availability | 15.29 |
| 040 ## - CATALOGING SOURCE | |
| Original cataloging agency | DLC |
| Transcribing agency | DLC |
| Modifying agency | TnJaDT |
| 082 00 - DEWEY DECIMAL CLASSIFICATION NUMBER | |
| Classification number | 741.2 |
| Edition number | 22 |
| 245 00 - TITLE STATEMENT | |
| Title | Sketch dragons : |
| Remainder of title | a draw-inside step-by-step sketchbook / |
| Statement of responsibility, etc | edited by Pamela Wissman and Kathy Kipp. |
| 260 ## - PUBLICATION, DISTRIBUTION, ETC. (IMPRINT) | |
| Place of publication, distribution, etc | Cincinnati, OH : |
| Name of publisher, distributor, etc | Impact, |
| Date of publication, distribution, etc | c2011. |
| 300 ## - PHYSICAL DESCRIPTION | |
| Extent | 128 p. : |
| Other physical details | ill. ; |
| Dimensions | 29 cm. |
| 520 ## - SUMMARY, ETC. | |
| Summary, etc | Each book in the series includes help on sketching for the particular style or topic, in this case fantasy art dragons. |
| 650 #0 - SUBJECT ADDED ENTRY--TOPICAL TERM | |
| Topical term or geographic name as entry element | Drawing. |
| 9 (RLIN) | 82895 |
| 700 1# - ADDED ENTRY--PERSONAL NAME | |
| Personal name | Wissman, Pamela, |
| Relator term | editor. |
| 9 (RLIN) | 5865908 |
| 700 1# - ADDED ENTRY--PERSONAL NAME | |
| Personal name | Kipp, Kathy, |
| Relator term | editor. |
| 9 (RLIN) | 5865909 |
| 942 ## - ADDED ENTRY ELEMENTS (KOHA) | |
| Koha item type | BOOK |
| 948 ## - LOCAL PROCESSING INFORMATION (OCLC); SERIES PART DESIGNATOR (RLIN) | |
| Series part designator, SPT (RLIN) | 08/17/2011 |
| z (OCLC) | Sirsi |
| 949 ## - LOCAL PROCESSING INFORMATION (OCLC) | |
| d | 741.2 Ske |
| p | 15.29 |
| 996 ## - | |
| -- | 85631 |
| -- | 34301000999104 |
| -- | NF |
| -- | bk |
| -- | wcl |
| -- | i |
| -- | 28 |
| -- | 16.99 |
| -- | davidson |
| -- | 741.2 Imp |
| -- | 08/17/2011 |
| -- | 03/07/2020 |
| -- | 02/25/2020 |
| Withdrawn status | Lost status | Source of classification or shelving scheme | Damaged status | Not for loan | Collection code | Home library | Current library | Shelving location | Date acquired | Cost, normal purchase price | Total Checkouts | Total Renewals | Full call number | Barcode | Date last seen | Date checked out | Cost, replacement price | Price effective from | Koha item type |
|---|---|---|---|---|---|---|---|---|---|---|---|---|---|---|---|---|---|---|---|
| Dewey Decimal Classification | General NonFiction | Wasatch County Library | Wasatch County Library | Second Floor | 08/17/2011 | 16.99 | 36 | 7 | 741.2 Imp | 34301000999104 | 03/09/2026 | 08/04/2025 | 16.99 | 03/20/2020 | BOOK |
